... буду всегда жива: документальное повествование о Валентине Бархатовой и ее друзьях; дневник, письма, воспоминания, комментарии

Bibliographic Details
Main Author: Лейфер А. Э. Александр Эрахмиэлович
Language:Russian
Published: Омск, Омское книжное изд-во, 1987
Subjects:
Format: Book
KOHA link:https://koha.lib.tpu.ru/cgi-bin/koha/opac-detail.pl?biblionumber=169928

MARC

LEADER 00000nam0a2200000 4500
001 169928
005 20231031163545.0
035 |a (RuTPU)RU\TPU\book\184295 
090 |a 169928 
100 |a 20091118d1987 m y0rusy50 ca 
101 0 |a rus 
102 |a RU 
105 |a a z 000zy 
200 1 |a ... буду всегда жива  |e документальное повествование о Валентине Бархатовой и ее друзьях  |e дневник, письма, воспоминания, комментарии  |f А. Э. Лейфер 
210 |a Омск  |c Омское книжное изд-во  |d 1987 
215 |a 128 с.  |c ил. 
610 1 |a Великая Отечественная война 1941-1945 
610 1 |a Севастополь 
686 |a Т3(2)722  |v LBC/SL-A  |2 rubbk 
700 1 |a Лейфер  |b А. Э.  |g Александр Эрахмиэлович 
801 1 |a RU  |b 63413507  |c 20091118 
942 |c BK